Statistics for Countries With Letter "B"

Click here to take the quiz!

General Stats

  • This quiz has been taken 80 times
  • The average score is 39 of 46

Answer Stats

Countries With Letter "B"% Correct
Brazil
98%
Bahamas
96%
Belgium
96%
Belarus
94%
Bolivia
94%
Botswana
94%
Albania
92%
Antigua and Barbuda
92%
Barbados
92%
Bhutan
92%
Bulgaria
92%
Dominican Republic
92%
Bahrain
90%
Bosnia And Herzegovina
90%
Libya
90%
Bangladesh
88%
Benin
88%
Cambodia
88%
United Arab Emirates
88%
Zimbabwe
88%
Azerbaijan
86%
Belize
86%
Burkina Faso
86%
Colombia
86%
Czech Republic
86%
Democratic Republic Of Congo
86%
Zambia
86%
Liberia
84%
Republic Of Congo
84%
Burundi
82%
Central African Republic
82%
Gabon
82%
Namibia
82%
Cuba
78%
Guinea-Bissau
78%
Luxembourg
78%
Mozambique
78%
Brunei
76%
Gambia
76%
Lebanon
76%
Saudi Arabia
76%
Trinidad And Tobago
76%
Uzbekistan
76%
Djibouti
74%
Kiribati
70%
Serbia
66%

Score Distribution

Percentile by Number Answered

Percent of People with Each Score

Your Score History

You have not taken this quiz